• 首页
  • 本馆介绍
  • 公告通知
  • 最新文献
  • 馆藏检索
  • 电子资源
  • 读者导购
  • 参考咨询
  • 我的图书馆
  • 登录
  • 详细信息显示
  • 放入我的书架
  • 预约/预借图书
  • 作者相关作品
  • 分类相关作品
  • 丛书相关作品
  • 出版社相关作品

书目信息

  • 表格格式
  • 工作单格式
  • 卡片格式
题名:
中国语言学论文索引
    
 
作者: ;中国社会科学院语言研究所 著
分册: 乙编(增订本)  
出版信息: 北京   商务印书馆  1983
页数: 522页
开本: 26cm
丛书名:
单 册:
中图分类: Z89:H
科图分类:
主题词: 语言学--论文--索引
电子资源:
ISBN:
000 00834nam0 2200253 45
001 0183008160
005 20060429081300.03
010    @dCNY3.55
091    @a9017.847
100    @a19950610d1983 em y0chiy0121 ea
101 0  @achi
102    @aCN@b110000
105    @ay c 000yy
200 10 @a中国语言学论文索引@Azhong guo yu yan xue lun wen suo yin@e1950-1980@h乙编(增订本)@f中国社会科学院语言研究所著@Fzhong guo she hui ke xue yuan yu yan yan jiu suo zhu
205    @a2版
210    @a北京@c商务印书馆@d1983
215    @a522页@d26cm
517    @a乙编(增订本)@AYi Bian(Zeng Ding Ben)
606    @a语言学@x论文@x索引
690    @aZ89:H@v3
711 02 @a中国社会科学院语言研究所@Azhong guo she hui ke xue yuan yu yan yan jiu suo@4著
801  2 @aCN@bNLC@c20060429
801  0 @aCN@b上海图书馆@c20040511
905    @dZ89:H@e15
    
    中国语言学论文索引:1950-1980.乙编(增订本)/中国社会科学院语言研究所著.-2版.-北京:商务印书馆,1983
    522页;26cm
    
    
    ISBN :CNY3.55
    
●
相关链接 在E读中查询图书 在五车中查询图书 在当当中查询图书 在豆瓣中查询图书


正题名:中国语言学论文索引     索取号:Z89:H/15         预约/预借

序号 登录号 条形码 馆藏地/架位号 状态 备注
1 0106398   202131200   第二样本阅览室/ [索取号:Z89:H/15] 在馆    
2 0165471   000431401   密集书库/ [索取号:Z89:H/15] 在馆    
3 0165472   202301384   密集书库/ [索取号:Z89:H/15] 在馆    
4 0165473   000431394   第三借阅区/ [索取号:Z89:H/15] 在馆    
唐山师范学院图书馆 欢迎您!
大连网信软件有限公司© 版权所有